000 00615cam a2200217 4500500
005 20260329004259.0
041 _afre
042 _adc
100 1 0 _aPortevin, Catherine
_eauthor
245 0 0 _aManuel de résurrection
260 _c2019.
500 _a66
690 _aÉternité
690 _aGénération
690 _aInfini
690 _aJeunesse
690 _aMétaphysique
690 _aPamphlet
786 0 _nPhilosophie magazine | 129 | 5 | 2019-05-01 | p. 60-61 | 1951-1787
856 4 1 _uhttps://shs.cairn.info/magazine-philosophie-magazine-2019-5-page-60?lang=fr&redirect-ssocas=7080
999 _c1832431
_d1832431